Stats : data and models (Record no. 35002)

MARC details
000 -LEADER
fixed length control field 00498nam a2200193Ia 4500
020 ## - INTERNATIONAL STANDARD BOOK NUMBER
ISBN 0321433793 |a 9780321433794
050 ## - CALL MARK
Classification number QA 276 .12 .D48/
100 ## - STATEMENT OF RESPONSIBILITY--MAIN AUTHOR NAME
Personal name De Veaux, Richard D.
245 #0 - TITLE STATEMENT
Title Stats : data and models
250 ## - EDITION / VOLUME STATEMENT
Edition / Volume statement 2nd ed.
260 ## - PUBLICATION, DISTRIBUTION, ETC. (IMPRINT)
Place of publication Boston
260 ## - PUBLICATION, DISTRIBUTION, ETC. (IMPRINT)
Name of publisher Pearson Addison-Wesley
260 ## - PUBLICATION, DISTRIBUTION, ETC. (IMPRINT)
Year of publication c2008
300 ## - PHYSICAL DESCRIPTION
Number of Pages 869 p
650 ## - SUBJECT ADDED ENTRY--TOPICAL TERM
Topical Term Statistics. Mathematical statistics.
942 ## - ADDED ENTRY ELEMENTS (KOHA)
Koha item type Books
Holdings
Withdrawn status Lost status Source of classification or shelving scheme Damaged status Not for loan Permanent Location Current Location Shelving location Date acquired Accession Number Price effective from Koha item type
    Library of Congress Classification     NILE UNIVERSITY OF NIGERIA - MAIN LIBRARY NILE UNIVERSITY OF NIGERIA - MAIN LIBRARY Items on shelf 04/23/2025 0010442 04/23/2025 Books